Política de la educación soviética / (Record no. 33171)

MARC details
000 -LEADER
campo de control de longitud fija 00600nam a2200193 i 4500
001 - NÚMERO DE CONTROL
campo de control 33171
003 - IDENTIFICADOR DE NÚMERO DE CONTROL
campo de control ES-MaACL
005 - FECHA Y HORA DE LA ÚLTIMA TRANSACCIÓN
campo de control 20240429130609.0
007 - CAMPO FIJO DE DESCRIPCIÓN FÍSICA--INFORMACIÓN GENERAL
campo de control de longitud fija t|
008 - DATOS DE LONGITUD FIJA--INFORMACIÓN GENERAL
campo de control de longitud fija 030201s1965 sp ||||1| spa d
100 1# - ENTRADA PRINCIPAL--NOMBRE DE PERSONA
Nombre de persona Bereday, George F.
9 (RLIN) 27871
245 10 - MENCIÓN DEL TÍTULO
Título Política de la educación soviética /
Mención de responsabilidad, etc. George F. Bereday y Jaan Pennar ; [traducción de Beatriz de Moura].
260 ## - PUBLICACIÓN, DISTRIBUCIÓN, ETC.
Lugar de publicación, distribución, etc. Barcelona :
Nombre del editor, distribuidor, etc. Lumen,
Fecha de publicación, distribución, etc. 1965.
300 ## - DESCRIPCIÓN FÍSICA
Extensión 283 p. ;
Dimensiones 19 cm.
700 1# - ENTRADA AGREGADA--NOMBRE PERSONAL
Nombre de persona Moura, Beatriz de,
Fechas asociadas al nombre 1939-
9 (RLIN) 83880
700 1# - ENTRADA AGREGADA--NOMBRE PERSONAL
Nombre de persona Pennar, Jaan.
9 (RLIN) 90176
852 ## - LOCALIZACIÓN
Ubicación ES-MaACL
Número de control de estantería C-29489
Sublocalización o colección R.58079
Holdings
Estatus retirado Estado de pérdida Estado de daño No para préstamo Biblioteca de origen Biblioteca actual Ubicación en estantería Fecha de adquisición Fuente de adquisición Total de préstamos Signatura topográfica completa Código de barras Visto por última vez Precio de reemplazo Tipo de ítem Koha
        Biblioteca del Ateneo de Madrid Biblioteca del Ateneo de Madrid Depósito 2 17/01/2008     C-29489 1034484 23/02/2023 23/02/2023 Libro impreso